000 00798nam a2200181Ia 4500
008 100920s9999 xx 000 0 und d
082 _b102011
_a891.43 न 07
100 _aमुलचंदानी आर.के.
245 _aबँकींग व्यवसाय एवं पुंजी पर्याप्तता.
260 _bआधार प्रकाशन पंचकुळा (हरियाणा ).
_c2007
300 _a112
_bसाधी
365 _b200
520 _aहिंदी.
630 _aबँकींग व्यवसाय एवं पुंजी पर्याप्तता.
650 _aहिंदी.
730 _aबँकींग व्यवसाय एवं पुंजी पर्याप्तता.
942 _cBOOK
999 _c742444
_d742441